000 00838nam a2200265Ia 4500
003 OSt
005 20220928122005.0
006 a|||||r|||| 00| 0
007 ta
008 220927b |||||||| |||| 00| 0 eng d
020 _c8519.3999999999996
024 _a126303
037 _b256, 05/02/2015, Classic Book Service
_cTextual
040 _aSDCL
_cSDCL
_beng
041 _2eng
_aeng
082 _aX652, Q5
100 _aYen Jerome
_9438663
245 0 _aEmerging financial derivatives
_b Understanding exotic options and structured products
260 _aLondon
_bRoutledge
_c2015
300 _axiii;135p.
_ccm.
650 _aFinancial Studies
700 _a Lai Kin Keung
_9427023
942 _hX652, Q5
_cTEXL
_2CC
999 _c768993
_d768993